Normal view
MARC view
Entry Personal Name
001 - CONTROL NUMBER
- control field: 40974
003 - CONTROL NUMBER IDENTIFIER
- control field: ARRUPE
005 - DATE AND TIME OF LATEST TRANSACTION
- control field: 20180326093823.0
008 - FIXED-LENGTH DATA ELEMENTS
- fixed length control field: 180326|| aca||aabn | a|a d
040 ## - CATALOGING SOURCE
- Original cataloging agency: ARRUPE
- Transcribing agency: ARRUPE
100 ## - HEADING--PERSONAL NAME
- Personal name: Goncalves de Azevedo, M.F. tr.
670 ## - SOURCE DATA FOUND
- Source citation: Work cat.: (ARRUPE): Moncrieff, Ascot Robert Hope 40973, Mitologia classica, 1992